000 00442nam a2200181Ia 4500
001 9263
005 20260306160710.0
008 260306t1996||||xx |||||||||||||| ||spa||
041 _aESP
082 _a378.001
_bG23
100 _aGarcía Hoz, Víctor
_eAUT
245 0 _aLa educación personalizada en la Universidad
260 _c1996
300 _a598 páginas :
_c21 cm.
650 _aGEN
654 _aCED
942 _cLIB
_dJUS
_fJUS
_2ddc
_n
999 _c9263
_d9263